000 00544nam a2200193Ia 4500
005 20250326141401.0
008 250326s9999 xx 000 0 und d
020 _a0-7619-9462-9
037 _aTextbook
040 _aFMSL
_beng
_cFMSL
041 _aeng
_2eng
084 _aX:74.44 P1
_qFMSL
100 _aIyer L
_9744324
245 0 _aStrategic business spiral: retracing the past
_cIyer L
260 _aNew Delhi
_bNew Delhi, Response Books
_c2001
300 _a173p
942 _cTB
_hX:74.44 P1
999 _c1290049
_d1290049